000 00592nam a2200217 a 4500
001 0001-2461
003 ELIB.Books
008 191105 2010 eng
020 _a0340574348
092 _a241.63
_bCor
100 _aCornes, Andrews.
245 _aDivorce & Remarriage
_bBiblical Principles & Pastoral Practice
260 _aLondon
_bHodder and Stoughton
_c1993
300 _a528
_c23 Cm
650 _aChristian Ethics
856 _nKBTS Library
_uKBTS Elib
942 _2ddc
_cBK
990 _a1
998 _aEnglishbooks.elf
_ccat
_e2019-11-05
999 _c12461
_d12461